|
|
|
|
| LEADER |
00000cas a2200000 c 4500 |
| 001 |
224843567 |
| 003 |
DE-627 |
| 005 |
20250321213316.0 |
| 007 |
tu |
| 008 |
970224d19421943gw z| m| 0 |0cze c |
| 016 |
7 |
|
|a 018592546
|2 DE-101
|
| 016 |
7 |
|
|a 1360456-9
|2 DE-600
|
| 035 |
|
|
|a (DE-627)224843567
|
| 035 |
|
|
|a (DE-576)057508410
|
| 035 |
|
|
|a (DE-599)ZDB1360456-9
|
| 035 |
|
|
|a (OCoLC)1184836801
|
| 040 |
|
|
|a DE-627
|b ger
|c DE-627
|e rakwb
|
| 041 |
|
|
|a cze
|
| 044 |
|
|
|c XA-DE
|
| 082 |
0 |
4 |
|a 230
|a 700
|q DE-600
|
| 245 |
0 |
0 |
|a Živé umení
|
| 246 |
1 |
|
|i Übersetzung des Haupttitels
|a Lebendige Kunst
|
| 264 |
3 |
1 |
|a Freiburg, Br.
|b Herder
|c 1942-1943
|
| 336 |
|
|
|a Text
|b txt
|2 rdacontent
|
| 337 |
|
|
|a ohne Hilfsmittel zu benutzen
|b n
|2 rdamedia
|
| 338 |
|
|
|a Band
|b nc
|2 rdacarrier
|
| 362 |
0 |
|
|a 1.1942 - 12.1942[?]
|
| 363 |
0 |
0 |
|a 1
|i 1942
|
| 363 |
1 |
0 |
|a 12
|i 1942
|
| 655 |
|
7 |
|a Monografische Reihe
|0 (DE-588)4179998-7
|0 (DE-627)104628669
|0 (DE-576)209995106
|2 gnd-content
|
| 775 |
0 |
8 |
|i Parallele Sprachausgabe
|n deutsch
|t Der Bilderkreis
|d Freiburg, Br. : Herder, 1939
|w (DE-627)130654531
|w (DE-600)844682-9
|w (DE-576)000634476
|k Non-Electronic
|
| 935 |
|
|
|a mteo
|
| 951 |
|
|
|a ST
|
| ELC |
|
|
|b 1
|
| ORI |
|
|
|a SA-MARC-ixtheo_oa001.raw
|
| REL |
|
|
|a 1
|
| SUB |
|
|
|a REL
|